Slovenská Route 66 - Statistics

General Stats
  • This quiz has been taken 32 times
  • The average score is 14 of 35
Answer Stats
Odpoveď % Correct
Banská Bystrica
80%
Šahy
77%
Zvolen
77%
Poprad
73%
Brezno
70%
Tatranská Javorina
67%
Podbrezová
60%
Ždiar
60%
Kežmarok
57%
Krupina
57%
Telgárt
53%
Vernár
50%
Dudince
47%
Spišská Belá
43%
Heľpa
40%
Pohorelá
40%
Polomka
40%
Hranovnica
33%
Veľká Lomnica
33%
Dobrá Niva
30%
Huncovce
30%
Valaská
30%
Závadka nad Hronom
30%
Beňuš
27%
Červená Skala
27%
Hontianske Nemce
27%
Hontianske Tesáre
27%
Podzámčok
27%
Hokovce
23%
Devičie
20%
Horné Semerovce
20%
Valkovňa
20%
Hrkovce
17%
Domaníky
13%
Horné Terany
3%
No matching quizzes found
Score Distribution
Percent of People with Each Score
Percentile by Number Answered
Your Score History
You have not taken this quiz